Random Base Conversion - Octal to Binary - Statistics

General Stats
  • This quiz has been taken 30 times
  • The average score is 16 of 20
Answer Stats
Octal Binary % Correct
0 0
100%
1 1
100%
2 10
100%
40 100000
100%
101 1000001
100%
202 10000010
100%
205 10000101
100%
42 100010
100%
104 1000100
100%
210 10001000
100%
211 10001001
100%
212 10001010
100%
43 100011
100%
214 10001100
100%
215 10001101
100%
217 10001111
100%
11 1001
100%
44 100100
100%
110 1001000
100%
221 10010001
100%
111 1001001
100%
222 10010010
100%
223 10010011
100%
45 100101
100%
112 1001010
100%
224 10010100
100%
226 10010110
100%
227 10010111
100%
23 10011
100%
114 1001100
100%
230 10011000
100%
115 1001101
100%
47 100111
100%
117 1001111
100%
5 101
100%
120 1010000
100%
121 1010001
100%
243 10100011
100%
51 101001
100%
122 1010010
100%
123 1010011
100%
25 10101
100%
124 1010100
100%
250 10101000
100%
251 10101001
100%
125 1010101
100%
252 10101010
100%
253 10101011
100%
254 10101100
100%
255 10101101
100%
127 1010111
100%
54 101100
100%
130 1011000
100%
55 101101
100%
265 10110101
100%
27 10111
100%
270 10111000
100%
135 1011101
100%
273 10111011
100%
275 10111101
100%
137 1011111
100%
276 10111110
100%
277 10111111
100%
3 11
100%
6 110
100%
14 1100
100%
301 11000001
100%
141 1100001
100%
302 11000010
100%
61 110001
100%
304 11000100
100%
143 1100011
100%
62 110010
100%
312 11001010
100%
313 11001011
100%
63 110011
100%
315 11001101
100%
147 1100111
100%
317 11001111
100%
32 11010
100%
320 11010000
100%
321 11010001
100%
151 1101001
100%
65 110101
100%
324 11010100
100%
326 11010110
100%
154 1101100
100%
67 110111
100%
156 1101110
100%
334 11011100
100%
157 1101111
100%
337 11011111
100%
7 111
100%
16 1110
100%
34 11100
100%
70 111000
100%
160 1110000
100%
341 11100001
100%
161 1110001
100%
342 11100010
100%
343 11100011
100%
162 1110010
100%
346 11100110
100%
347 11100111
100%
35 11101
100%
72 111010
100%
351 11101001
100%
353 11101011
100%
354 11101100
100%
355 11101101
100%
167 1110111
100%
357 11101111
100%
17 1111
100%
360 11110000
100%
171 1111001
100%
362 11110010
100%
364 11110100
100%
365 11110101
100%
173 1111011
100%
367 11110111
100%
37 11111
100%
370 11111000
100%
371 11111001
100%
175 1111101
100%
374 11111100
100%
375 11111101
100%
177 1111111
100%
376 11111110
100%
377 11111111
100%
140 1100000
80%
274 10111100
75%
142 1100010
75%
31 11001
75%
323 11010011
75%
74 111100
75%
207 10000111
67%
220 10010000
67%
53 101011
67%
267 10110111
67%
271 10111001
67%
136 1011110
67%
300 11000000
67%
15 1101
67%
66 110110
67%
71 111001
67%
352 11101010
67%
200 10000000
50%
102 1000010
50%
103 1000011
50%
21 10001
50%
236 10011110
50%
133 1011011
50%
57 101111
50%
30 11000
50%
305 11000101
50%
316 11001110
50%
152 1101010
50%
325 11010101
50%
350 11101000
50%
4 100
33%
36 11110
33%
10 1000
0%
20 10000
0%
100 1000000
0%
201 10000001
0%
203 10000011
0%
41 100001
0%
204 10000100
0%
206 10000110
0%
105 1000101
0%
213 10001011
0%
106 1000110
0%
107 1000111
0%
216 10001110
0%
22 10010
0%
225 10010101
0%
113 1001011
0%
46 100110
0%
231 10011001
0%
232 10011010
0%
233 10011011
0%
116 1001110
0%
234 10011100
0%
235 10011101
0%
237 10011111
0%
12 1010
0%
24 10100
0%
50 101000
0%
240 10100000
0%
241 10100001
0%
242 10100010
0%
244 10100100
0%
245 10100101
0%
246 10100110
0%
247 10100111
0%
52 101010
0%
126 1010110
0%
256 10101110
0%
257 10101111
0%
13 1011
0%
26 10110
0%
260 10110000
0%
261 10110001
0%
131 1011001
0%
262 10110010
0%
263 10110011
0%
132 1011010
0%
264 10110100
0%
266 10110110
0%
56 101110
0%
134 1011100
0%
272 10111010
0%
60 110000
0%
303 11000011
0%
306 11000110
0%
307 11000111
0%
144 1100100
0%
310 11001000
0%
311 11001001
0%
145 1100101
0%
146 1100110
0%
314 11001100
0%
64 110100
0%
150 1101000
0%
322 11010010
0%
153 1101011
0%
327 11010111
0%
33 11011
0%
330 11011000
0%
331 11011001
0%
155 1101101
0%
332 11011010
0%
333 11011011
0%
335 11011101
0%
336 11011110
0%
340 11100000
0%
344 11100100
0%
345 11100101
0%
163 1110011
0%
164 1110100
0%
165 1110101
0%
73 111011
0%
166 1110110
0%
356 11101110
0%
170 1111000
0%
361 11110001
0%
363 11110011
0%
75 111101
0%
172 1111010
0%
366 11110110
0%
76 111110
0%
174 1111100
0%
372 11111010
0%
373 11111011
0%
77 111111
0%
176 1111110
0%
No matching quizzes found
Score Distribution
Percent of People with Each Score
Percentile by Number Answered
Your Score History
You have not taken this quiz